[Event "Nikaia Fysiolatriko op A"]
[Site "Nikaia"]
[Date "2015.06.16"]
[Round "1"]
[White "Shamash, Michelle"]
[Black "Kordis, Konstantinos"]
[Result "0-1"]
[WhiteElo "1711"]
[BlackElo "2180"]
[PlyCount "176"]
[EventDate "2015.06.16"]
[EventType "swiss"]
[EventRounds "9"]
[EventCountry "GRE"]
[SourceTitle "EXT 2024"]
[Source "ChessBase"]
[SourceDate "2023.10.10"]
[SourceVersion "1"]
[SourceVersionDate "2023.10.10"]
[SourceQuality "1"]

1. d4 Nf6 2. c4 g6 3. Nc3 Bg7 4. e3 0-0 5. Nf3 d6 6. g3 c6 7. Bg2 Qa5 8. Bd2 Qa6 9. b3 d5 10. Ne5 Be6 11. c5 b6 12. b4 bxc5 13. bxc5 Nbd7 14. Nxd7 Nxd7 15. Qa4 Nxc5 16. Qxa6 Nxa6 17. 0-0 Rab8 18. Rab1 Bf5 19. Rxb8 Rxb8 20. Na4 Bc2 21. Nc3 Bd3 22. Rc1 Rb2 23. Be1 e5 24. dxe5 Bxe5 25. Bf1 Bxf1 26. Kxf1 Nb4 27. Nd1 Rc2 28. Rxc2 Nxc2 29. Bc3 Bxc3 30. Nxc3 Kf8 31. Ke2 Ke7 32. Kd3 Na3 33. e4 Kd6 34. f4 Kc5 35. exd5 cxd5 36. Nd1 Nc4 37. Nc3 Nb6 38. Ne2 a5 39. g4 a4 40. Nc3 a3 41. h4 h6 42. h5 gxh5 43. gxh5 f5 44. Ne2 Nc4 45. Nd4 Nd6 46. Ne6+ Kb4 47. Nc7 Kc5 48. Ne6+ Kc6 49. Nd4+ Kb6 50. Nc2 Kc5 51. Nd4 Kb6 52. Nc2 Kc6 53. Nd4+ Kd7 54. Nc2 Nb5 55. Nb4 Ke6 56. Nc2 Kd6 57. Ne3 Ke6 58. Nc2 Kf6 59. Nb4 Nc7 60. Nc2 Ne6 61. Ke3 Ng7 62. Nxa3 Nxh5 63. Nb5 Ng7 64. a4 Ne6 65. a5 Nc5 66. Nd4 Na6 67. Nf3 Nb4 68. Kd4 Nc6+ 69. Kxd5 Nxa5 70. Kd4 Nc6+ 71. Ke3 Ne7 72. Ng1 Ke6 73. Nh3 Kd5 74. Ng1 Kc4 75. Nh3 Nd5+ 76. Kf3 Kd3 77. Nf2+ Kd2 78. Nh3 Ke1 79. Nf2 Kf1 80. Nd3 h5 81. Kg3 Ke2 82. Ne5 Ke3 83. Ng6 Nxf4 84. Nh4 Ne2+ 85. Kh3 f4 86. Ng2+ Ke4 87. Nh4 f3 88. Nxf3 Kxf3 0-1

[Event "GRE-chT 39th"]
[Site "Eretria"]
[Date "2011.07.07"]
[Round "6.14"]
[White "Petraki, Maria"]
[Black "Shamash, Michelle"]
[Result "1/2-1/2"]
[WhiteElo "2024"]
[BlackElo "1752"]
[PlyCount "99"]
[EventDate "2011.07.03"]
[EventType "team-swiss"]
[EventRounds "7"]
[EventCountry "GRE"]
[SourceTitle "CBM 143 Extra"]
[Source "ChessBase"]
[SourceDate "2011.08.29"]
[SourceVersion "1"]
[SourceVersionDate "2011.08.29"]
[SourceQuality "1"]
[WhiteTeam "Koropiou"]
[BlackTeam "Glyfadas Zenon"]
[WhiteTeamCountry "GRE"]
[BlackTeamCountry "GRE"]

1. e4 c6 2. d4 d5 3. f3 e6 4. Nc3 Nf6 5. e5 Nfd7 6. f4 c5 7. Nf3 Nc6 8. Be3 cxd4 9. Nxd4 Nxd4 10. Bxd4 Nb8 11. Qd2 Bd7 12. Be2 Nc6 13. 0-0 Nxd4 14. Qxd4 Qc7 15. Kh1 Bc5 16. Qd3 a6 17. Qg3 g6 18. Rad1 Bc6 19. Bd3 0-0-0 20. a3 h5 21. h3 h4 22. Qe1 Ba7 23. b4 Qb6 24. Rf3 Rdg8 25. Rb1 Be8 26. b5 Qa5 27. bxa6 bxa6 28. Qe2 Bc6 29. Bxa6+ Kd7 30. Bb5 Rb8 31. a4 Rhc8 32. Bxc6+ Rxc6 33. Rxb8 Bxb8 34. Qb5 Qxb5 35. axb5 Rb6 36. g3 hxg3 37. Kg2 d4 38. Rd3 Ke7 39. Rxd4 g5 40. Kxg3 gxf4+ 41. Kxf4 f6 42. Rc4 Bxe5+ 43. Ke4 Bxc3 44. Rxc3 Rxb5 45. Rc7+ Kd6 46. Rh7 Rc5 47. Kd3 Rf5 48. h4 Rf3+ 49. Ke2 Rh3 50. h5 1/2-1/2

[Event "GRE-chT 39th"]
[Site "Eretria"]
[Date "2011.07.05"]
[Round "4.12"]
[White "Stefanova, Antoaneta"]
[Black "Shamash, Michelle"]
[Result "1-0"]
[WhiteElo "2524"]
[BlackElo "1752"]
[PlyCount "97"]
[EventDate "2011.07.03"]
[EventType "team-swiss"]
[EventRounds "7"]
[EventCountry "GRE"]
[SourceTitle "CBM 143 Extra"]
[Source "ChessBase"]
[SourceDate "2011.08.29"]
[SourceVersion "1"]
[SourceVersionDate "2011.08.29"]
[SourceQuality "1"]
[WhiteTeam "Chalkidos Palamidis"]
[BlackTeam "Glyfadas Zenon"]
[WhiteTeamCountry "GRE"]
[BlackTeamCountry "GRE"]

1. d4 d5 2. Bf4 Nf6 3. e3 c6 4. Bd3 e6 5. Nf3 Bd6 6. Ne5 Qc7 7. Bg3 Nbd7 8. f4 c5 9. c3 Qb6 10. b3 Qa5 11. Qf3 cxd4 12. exd4 Qc7 13. 0-0 Nb8 14. Nd2 Nc6 15. Rae1 0-0 16. Bh4 Be7 17. Qh3 g6 18. Bg5 Ne8 19. Bh6 Ng7 20. Ng4 f5 21. Nf2 Rf7 22. Nf3 Nh5 23. g3 Bf8 24. Bxf8 Rxf8 25. Ng5 Nd8 26. c4 Nf6 27. cxd5 exd5 28. Qh6 Nf7 29. Nxf7 Qxf7 30. Re5 Bd7 31. Rfe1 Rfe8 32. Qh4 Rac8 33. Nh3 Rxe5 34. fxe5 Ne4 35. Ng5 Nxg5 36. Qxg5 Re8 37. Rc1 Bc6 38. b4 a6 39. h4 Qe7 40. Qxe7 Rxe7 41. Bxa6 Be8 42. Be2 Bf7 43. a4 Be6 44. b5 Kf8 45. a5 Ke8 46. b6 Kd8 47. a6 bxa6 48. Bxa6 Re8 49. b7 1-0

[Event "Sunningdale e2e4 op"]
[Site "Ascot"]
[Date "2011.05.29"]
[Round "4"]
[White "Shamash, Michelle"]
[Black "Shepherd, David"]
[Result "1/2-1/2"]
[WhiteElo "1750"]
[BlackElo "2034"]
[PlyCount "29"]
[EventDate "2011.05.27"]
[EventType "swiss"]
[EventRounds "7"]
[EventCountry "ENG"]
[SourceTitle "CBM 142 Extra"]
[Source "ChessBase"]
[SourceDate "2011.06.27"]
[SourceVersion "1"]
[SourceVersionDate "2011.06.27"]
[SourceQuality "1"]

1. d4 d5 2. c4 c6 3. cxd5 cxd5 4. Nc3 Nf6 5. Bg5 e6 6. Nf3 Be7 7. e3 0-0 8. Bd3 h6 9. Bh4 b6 10. 0-0 Ba6 11. Ne5 Bxd3 12. Qxd3 Nfd7 13. Bxe7 Qxe7 14. Nxd7 Nxd7 15. Rac1 1/2-1/2

[Event "Sunningdale e2e4 op"]
[Site "Ascot"]
[Date "2011.05.29"]
[Round "5"]
[White "Shaw, Peter"]
[Black "Shamash, Michelle"]
[Result "1-0"]
[WhiteElo "2164"]
[BlackElo "1750"]
[PlyCount "65"]
[EventDate "2011.05.27"]
[EventType "swiss"]
[EventRounds "7"]
[EventCountry "ENG"]
[SourceTitle "CBM 142 Extra"]
[Source "ChessBase"]
[SourceDate "2011.06.27"]
[SourceVersion "1"]
[SourceVersionDate "2011.06.27"]
[SourceQuality "1"]

1. d4 Nf6 2. c4 d5 3. cxd5 Nxd5 4. Nf3 e6 5. e4 Nf6 6. Nc3 Be7 7. Bd3 Nbd7 8. 0-0 0-0 9. Qe2 Re8 10. Bf4 Nh5 11. Bd2 c5 12. e5 g6 13. d5 exd5 14. Nxd5 Bf8 15. Bc4 Nb6 16. Bg5 Qd7 17. Nxb6 axb6 18. Bb5 Qe6 19. Rfd1 h6 20. Bxe8 hxg5 21. Bb5 g4 22. Ne1 Nf4 23. Qe4 Bh6 24. Rd8+ Kg7 25. Re8 Qd5 26. Qxd5 Nxd5 27. Bd7 Bxd7 28. Rxa8 Nf4 29. Rd1 Bb5 30. Rdd8 Ne2+ 31. Kh1 Bf4 32. Nd3 Bc6 33. Rh8 1-0

[Event "Leicester Atkins Memorial op"]
[Site "Leicester"]
[Date "2010.10.02"]
[Round "2"]
[White "Vikas, R Sharma"]
[Black "Shamash, Michelle"]
[Result "1-0"]
[WhiteElo "2075"]
[BlackElo "1740"]
[PlyCount "43"]
[EventDate "2010.10.01"]
[EventType "swiss"]
[EventRounds "5"]
[EventCountry "ENG"]
[SourceTitle "CBM 138 Extra"]
[Source "ChessBase"]
[SourceDate "2010.10.29"]
[SourceVersion "1"]
[SourceVersionDate "2010.10.29"]
[SourceQuality "1"]

1. e4 c6 2. d4 d5 3. Nc3 dxe4 4. Nxe4 Bf5 5. Ng3 Bg6 6. Nf3 Nd7 7. h4 h6 8. h5 Bh7 9. Bd3 Bxd3 10. Qxd3 e6 11. Bd2 Ngf6 12. 0-0-0 Bd6 13. Ne4 Nxe4 14. Qxe4 Nf6 15. Qe2 0-0 16. Ne5 Qc7 17. g4 c5 18. g5 cxd4 19. gxf6 Bxe5 20. fxg7 Bxg7 21. Rhg1 Rac8 22. Bxh6 1-0

[Event "Porto Carras op 3rd"]
[Site "Porto Carras"]
[Date "2008.07.12"]
[Round "1"]
[White "Shamash, Michelle"]
[Black "Kutirov, Rolando"]
[Result "0-1"]
[WhiteElo "1712"]
[BlackElo "2372"]
[PlyCount "86"]
[EventDate "2008.07.12"]
[EventType "swiss"]
[EventRounds "9"]
[EventCountry "GRE"]
[SourceTitle "CBM 125 Extra"]
[Source "ChessBase"]
[SourceDate "2008.09.01"]
[SourceVersion "1"]
[SourceVersionDate "2008.09.01"]
[SourceQuality "1"]

1. e4 c6 2. d4 d5 3. exd5 cxd5 4. Bd3 Nc6 5. Nf3 Bg4 6. c3 Nf6 7. 0-0 e6 8. Re1 Bd6 9. Nbd2 Qc7 10. h3 Bh5 11. Nf1 0-0 12. Bg5 Rab8 13. Qd2 Rfe8 14. Bh4 Bg6 15. Bg3 Ne4 16. Bxe4 Bxe4 17. Bxd6 Qxd6 18. Ng5 Bg6 19. Nf3 f6 20. Ne3 Qc7 21. Nh4 Bf7 22. Nf3 Ne7 23. Rac1 Rbc8 24. Qd1 Qd7 25. Qd2 Rc7 26. Nd1 Nf5 27. Ne3 Nd6 28. Qd1 b6 29. Ra1 h6 30. a4 a5 31. Qb3 Rb8 32. Qc2 Qd8 33. Nd2 Qc8 34. Nb1 b5 35. axb5 Rxb5 36. Qd2 Rcb7 37. Re2 Bh5 38. f3 Bg6 39. Kf2 Qb8 40. c4 Rxb2 41. Qxa5 Rxb1 42. Rxb1 Rxb1 43. cxd5 Ne4+ 0-1